| 000 | 005580000a22001810004500 | ||
|---|---|---|---|
| 003 | MACL | ||
| 005 | 20150729134611.0 | ||
| 008 | 150729b xxu||||| |||| 00| 0 eng d | ||
| 040 |
_aMACL _cMACL |
||
| 041 | _aEnglish | ||
| 082 | _a337/GUP | ||
| 100 |
_aGupta, R.K. _93169 |
||
| 245 |
_aGatt Accord And India _bA Critical Analysis Of Results Of The Uruguay Round Of Multilateral Trade Negotiations And Their Implication for India |
||
| 260 |
_bAtlantic Publishers _c1995 _aNew Delhi |
||
| 350 | _a195 | ||
| 650 |
_aSocial Science _93170 |
||
| 942 |
_cBK _k337 _2ddc |
||
| 999 |
_c3094 _d3094 |
||